| 000 | 01132nam a2200217Ia 4500 | ||
|---|---|---|---|
| 999 |
_c38083 _d38083 |
||
| 003 | OSt | ||
| 005 | 20210223103440.0 | ||
| 008 | 160316s2003 xxu||||| |||| 00| 0 eng d | ||
| 020 | _a9780333939222 | ||
| 040 | _cN | ||
| 082 |
_a338.954000 _bKAU |
||
| 100 | _aKaur Simrit | ||
| 245 | _aPrivatization and public regulation : the Indian experience | ||
| 260 |
_aDehra Dun _bMacmillan Publishing Co. _c2003 |
||
| 300 |
_a276p _cxi |
||
| 365 | _bGratis | ||
| 505 | _aTable of Contents: Privatization and Public Regulation? The Economic Role of the State? Public Sector: Role and Performance? Sectoral Linkages? Ownership, Competition and Efficiency? Ownership, Competition and Efficiency: Some New Evidence? Disinvestment of PSU Shares? Strategic Sales? Case Studies? Financing Indian Infrastructure: A Greenfield Privatization Approach? Public Regulation? MOUs? What Works; What Does't and Why? The Target Setting? Concluding Remarks? References? Index | ||
| 650 | _a1. Privatization - India2. Government Business Enterprises3. Economic Policy - 1980 - 1991 | ||
| 700 |
_a _a |
||
| 942 |
_2ddc _cBK |
||